| 000 | 01322cam a2200289 a 4500 | ||
|---|---|---|---|
| 001 | 15576676 | ||
| 005 | 20090911162201.0 | ||
| 008 | 090106s2009 njua b 001 0 eng | ||
| 010 | _a 2008055552 | ||
| 020 | _a0321580516 (pbk. : alk. paper) | ||
| 020 | _a9780321580511 (pbk. : alk. paper) | ||
| 035 | _a(OCoLC)ocn297406494 | ||
| 040 |
_aDLC _cDLC _dYDX _dYDXCP _dBWX _dCDX _dDLC |
||
| 050 | 0 | 0 |
_aQA76.76.T48 _bD8744 2009 |
| 082 | 0 | 0 |
_a005.14 _222 _bDUS |
| 100 | 1 |
_aDustin, Elfriede. _911208 |
|
| 245 | 1 | 0 |
_aImplementing automated software testing : _bhow to save time and lower costs while raising quality / _cElfriede Dustin, Thom Garrett, Bernie Gauf. |
| 260 |
_aUpper Saddle River, NJ : _bAddison-Wesley, _cc2009. |
||
| 300 |
_axxv, 340 p. : _bill. ; _c24 cm. |
||
| 504 | _aIncludes bibliographical references and index. | ||
| 650 | 0 |
_aComputer software _xTesting _xAutomation. _911209 |
|
| 700 | 1 |
_aGarrett, Thom. _911210 |
|
| 700 | 1 |
_aGauf, Bernie. _911211 |
|
| 942 |
_2ddc _cBB |
||
| 999 |
_c13347 _d13347 |
||